[Event "CAN-ch U20 U1800"]
[Site "Toronto CAN"]
[Date "2018.08.12"]
[Round "9.13"]
[White "Ahmed, Syed Ibrahim"]
[Black "Yuen, Noah"]
[Result "1-0"]
[WhiteElo "1608"]
[BlackElo "1675"]
[PlyCount "117"]
[EventDate "2018.08.08"]
[EventType "swiss"]
[EventRounds "9"]
[EventCountry "CAN"]

1. c4 e6 2. Nf3 Nf6 3. d4 d5 4. g3 Be7 5. Bg2 O-O 6. O-O c6 7. Qc2 Nbd7 8. Bf4
dxc4 9. Qxc4 Nb6 10. Qc2 Nbd5 11. Be5 Nd7 12. e4 Nxe5 13. Nxe5 Nf6 14. Rd1 Qc7
15. Nd2 Rd8 16. Nb3 Bd7 17. Rac1 Rac8 18. a3 Be8 19. Qe2 Nd7 20. Nd3 e5 21. Bh3
exd4 22. Nxd4 Ra8 23. Nf5 Bf8 24. e5 g6 25. Nd4 Bg7 26. f4 Qb6 27. Qf2 Nf8 28.
Nf3 Qxf2+ 29. Kxf2 Bd7 30. Bg2 Bf5 31. Nc5 Rxd1 32. Rxd1 Ne6 33. Nxb7 Rb8 34.
Nd6 Rxb2+ 35. Rd2 Rxd2+ 36. Nxd2 Nd4 37. Nxf5 Nxf5 38. Bxc6 Bf8 39. a4 Bc5+ 40.
Kg2 Ne3+ 41. Kf3 Nf5 42. Ke4 Kf8 43. Nf3 h5 44. Bd7 Ne7 45. Nd4 Kg7 46. h3 Bb6
47. g4 hxg4 48. hxg4 Bc5 49. f5 gxf5+ 50. gxf5 Kg8 51. Nf3 Kf8 52. f6 Ng6 53.
Bf5 Nh8 54. Kd5 Be3 55. Nd4 Bg5 56. Nc6 Be3 57. Kd6 Bb6 58. Kd7 a5 59. Kc8 1-0

[Event "CAN-ch U20 U1800"]
[Site "Toronto CAN"]
[Date "2018.08.12"]
[Round "9.14"]
[White "Wang, Eric"]
[Black "Xie, Austin"]
[Result "1/2-1/2"]
[WhiteElo "1677"]
[BlackElo "1590"]
[PlyCount "83"]
[EventDate "2018.08.08"]
[EventType "swiss"]
[EventRounds "9"]
[EventCountry "CAN"]

1. c4 e5 2. Nc3 Nf6 3. Nf3 Nc6 4. d4 exd4 5. Nxd4 Bb4 6. Nxc6 dxc6 7. Qxd8+
Kxd8 8. Bd2 Be6 9. e3 Ke7 10. a3 Bd6 11. Be2 Nd7 12. Ne4 Be5 13. Bb4+ Bd6 14.
Nxd6 cxd6 15. O-O-O c5 16. Bc3 f6 17. b3 Rab8 18. Kc2 Rhd8 19. a4 Ne5 20. Bxe5
dxe5 21. Bf3 b6 22. Bd5 Bxd5 23. Rxd5 Rxd5 24. cxd5 Kd6 25. Rd1 a5 26. Kc3 Rd8
27. Kc4 Kc7 28. Rd3 e4 29. Rd2 Rd6 30. f3 exf3 31. gxf3 g5 32. Rg2 h6 33. Rg4
Kd8 34. h3 Kc7 35. Rg2 Kb7 36. f4 Rd7 37. fxg5 hxg5 38. Rf2 Rd6 39. Rg2 Rd7 40.
e4 Rh7 41. Rg3 Rh4 42. Kd3 1/2-1/2

[Event "CAN-ch U20 U1800"]
[Site "Toronto CAN"]
[Date "2018.08.12"]
[Round "9.15"]
[White "Yang, Brett"]
[Black "Chen, Richard"]
[Result "1-0"]
[WhiteElo "1316"]
[BlackElo "1271"]
[PlyCount "91"]
[EventDate "2018.08.08"]
[EventType "swiss"]
[EventRounds "9"]
[EventCountry "CAN"]

1. c4 Nf6 2. g3 g6 3. Bg2 Bg7 4. Nc3 O-O 5. d4 d6 6. e4 c6 7. Nge2 b6 8. O-O
Bb7 9. Bd2 Nbd7 10. Qc1 c5 11. d5 a6 12. Bh6 Qe8 13. Bxg7 Kxg7 14. f4 Rb8 15.
a4 a5 16. Nb5 Qd8 17. Nec3 Ra8 18. Qe3 Qb8 19. Rae1 Ba6 20. Bh3 Bxb5 21. Nxb5
Qb7 22. e5 dxe5 23. fxe5 Ng8 24. Bxd7 Qxd7 25. Rxf7+ Rxf7 26. e6 Qd8 27. exf7
Kxf7 28. Qe6+ Kg7 29. Qe5+ Kf8 30. Nc7 Kf7 31. Nxa8 Qxa8 32. Qe6+ Kg7 33. Qxb6
Qf8 34. Qxc5 Qf6 35. Qe3 Qxb2 36. Qe5+ Qxe5 37. Rxe5 Kf6 38. Re6+ Kf7 39. Ra6
Nf6 40. Rxa5 Ng4 41. Rc5 Ne5 42. a5 Nd3 43. Rb5 Ke8 44. a6 Kd7 45. a7 Ne5 46.
a8=Q 1-0

[Event "CAN-ch U20 U1800"]
[Site "Toronto CAN"]
[Date "2018.08.12"]
[Round "9.16"]
[White "Zhou, Joey"]
[Black "Srinivas, Atharva"]
[Result "1-0"]
[WhiteElo "1692"]
[BlackElo "1588"]
[PlyCount "131"]
[EventDate "2018.08.08"]
[EventType "swiss"]
[EventRounds "9"]
[EventCountry "CAN"]

1. d4 d5 2. Bf4 Nf6 3. e3 e6 4. Nf3 Nbd7 5. Nbd2 c6 6. Bd3 Be7 7. h3 h6 8. Bh2
b6 9. Ne5 Nxe5 10. Bxe5 Bb7 11. Nf3 Rc8 12. c3 O-O 13. Bh2 c5 14. Ne5 cxd4 15.
exd4 Bd6 16. O-O Bxe5 17. Bxe5 Nd7 18. Bg3 Nb8 19. f4 Nd7 20. f5 Ra8 21. Qf3
Nf6 22. Bh4 Bc6 23. Qg3 Be8 24. Rae1 Qb8 25. Qf3 Nd7 26. Be7 exf5 27. Bxf8 Nxf8
28. Qxf5 Qb7 29. Be2 Qd7 30. Bg4 Qxf5 31. Bxf5 Nh7 32. Bxh7+ Kxh7 33. Re5 Rd8
34. Rfe1 Bc6 35. Re7 Rd7 36. Rxd7 Bxd7 37. Re7 Be6 38. Rxa7 Kg6 39. Rb7 Kf6 40.
Rxb6 Ke7 41. a4 Kd7 42. a5 Kc7 43. Kf2 h5 44. Kf3 g5 45. Rb4 Bc8 46. Rb5 Bb7
47. Rb6 Bc6 48. Ke3 f5 49. Ra6 Kb7 50. Rb6+ Kc7 51. h4 gxh4 52. Rxc6+ Kxc6 53.
Kf4 Kb5 54. Kxf5 Kxa5 55. Ke5 Kb6 56. Kxd5 Kc7 57. b4 Kd7 58. b5 Kc7 59. c4 Kb7
60. c5 Kc7 61. b6+ Kb7 62. Kd6 Kc8 63. c6 Kb8 64. c7+ Kc8 65. Kc6 h3 66. b7#
1-0

[Event "CAN-ch U20 U1800"]
[Site "Toronto CAN"]
[Date "2018.08.12"]
[Round "9.17"]
[White "Han, Jonathan"]
[Black "Zhao, Jonathan"]
[Result "1-0"]
[WhiteElo "1629"]
[BlackElo "1742"]
[PlyCount "98"]
[EventDate "2018.08.08"]
[EventType "swiss"]
[EventRounds "9"]
[EventCountry "CAN"]

1. e4 d5 2. exd5 Qxd5 3. Nc3 Qa5 4. Nf3 Nf6 5. d4 Bf5 6. Bd3 Bxd3 7. Qxd3 Nc6
8. O-O e6 9. Bd2 Qh5 10. Rfe1 Be7 11. Ne2 Bd6 12. Nf4 Bxf4 13. Bxf4 Rc8 14. c4
O-O 15. Rad1 Rfd8 16. Qc2 Qa5 17. a3 Rd7 18. h3 h6 19. Bd2 Qh5 20. Bc3 Ne7 21.
Ne5 Rdd8 22. Bb4 Re8 23. Qa4 a6 24. Bxe7 Rxe7 25. Qb4 c5 26. dxc5 Rec7 27. c6
bxc6 28. Rd3 Qf5 29. Ree3 Ne4 30. Nf3 a5 31. Qe1 Nc5 32. Rd2 Qf6 33. Qd1 Rb8
34. Ne5 Qe7 35. Qf3 Rb6 36. Qg4 Rb3 37. Rxb3 Nxb3 38. Rd1 Qf6 39. Qg3 a4 40.
Ng4 Qe7 41. Nxh6+ Kh8 42. Nxf7+ Kg8 43. Ng5 g6 44. Nxe6 Rd7 45. Qxg6+ Kh8 46.
Qh6+ Kg8 47. Qg6+ Kh8 48. Rxd7 Qxd7 49. Qf6+ Kg8 1-0

[Event "CAN-ch U20 U1800"]
[Site "Toronto CAN"]
[Date "2018.08.12"]
[Round "9.18"]
[White "Zhu, Matthew"]
[Black "Hua, Michelle"]
[Result "0-1"]
[WhiteElo "1664"]
[BlackElo "1569"]
[PlyCount "58"]
[EventDate "2018.08.08"]
[EventType "swiss"]
[EventRounds "9"]
[EventCountry "CAN"]

1. e4 c5 2. Nf3 d6 3. d4 cxd4 4. Nxd4 Nf6 5. Nc3 g6 6. Be3 Bg7 7. f3 O-O 8. Bc4
Nc6 9. Qd2 Bd7 10. h4 h5 11. O-O-O Ne5 12. Bb3 Rc8 13. Rdg1 Nc4 14. Bxc4 Rxc4
15. Nde2 b5 16. Bxa7 Qc7 17. Be3 Rc8 18. a3 Qa5 19. Rd1 b4 20. Nb1 Ba4 21. Nd4
Nxe4 22. fxe4 Bxd4 23. c3 bxc3 24. bxc3 Bxc3 25. Nxc3 Rxc3+ 26. Kb1 Bc2+ 27.
Qxc2 Rxc2 28. Rc1 Qb5+ 29. Ka1 Qb2# 0-1

[Event "CAN-ch U20 U1800"]
[Site "Toronto CAN"]
[Date "2018.08.12"]
[Round "9.19"]
[White "Ran, Charles"]
[Black "Jeyakumar, Bhavatharshan"]
[Result "1/2-1/2"]
[WhiteElo "1679"]
[BlackElo "1532"]
[PlyCount "79"]
[EventDate "2018.08.08"]
[EventType "swiss"]
[EventRounds "9"]
[EventCountry "CAN"]

1. e4 c5 2. f4 e6 3. Nf3 d5 4. Bb5+ Bd7 5. Bxd7+ Qxd7 6. e5 Nc6 7. d3 Nh6 8.
O-O Be7 9. Qe2 Nf5 10. Rd1 h5 11. c3 h4 12. d4 Qc7 13. Be3 c4 14. Bf2 b5 15. a3
Na5 16. Nbd2 Nc6 17. Nf1 Bd8 18. Ne3 Nce7 19. Qe1 Nxe3 20. Qxe3 Nf5 21. Qe1 Be7
22. Qe2 Kd7 23. Ne1 g5 24. fxg5 Bxg5 25. Nc2 Rag8 26. Be3 h3 27. g3 Bh4 28. Bf4
Qd8 29. Ne3 Bxg3 30. hxg3 h2+ 31. Kh1 Nxg3+ 32. Bxg3 Rxg3 33. Qf2 Qg8 34. Ng2
Qg6 35. Rf1 Rh7 36. Rae1 Rg7 37. Re2 Qh7 38. Qf4 Qd3 39. Rfe1 Qg6 40. Qf2
1/2-1/2

[Event "CAN-ch U20 U1800"]
[Site "Toronto CAN"]
[Date "2018.08.12"]
[Round "9.20"]
[White "Gauthier, David"]
[Black "Shi, Michael"]
[Result "1-0"]
[WhiteElo "1622"]
[BlackElo "1486"]
[PlyCount "47"]
[EventDate "2018.08.08"]
[EventType "swiss"]
[EventRounds "9"]
[EventCountry "CAN"]

1. e4 c5 2. Nf3 d6 3. d4 cxd4 4. Nxd4 Nf6 5. Nc3 a6 6. Be2 g6 7. Be3 Bg7 8. g4
Nc6 9. g5 Nd7 10. Qd2 Nde5 11. Rg1 O-O 12. O-O-O Nxd4 13. Bxd4 Nc6 14. Bxg7
Kxg7 15. h4 Qb6 16. f4 Qf2 17. h5 gxh5 18. f5 Qc5 19. Rh1 Bd7 20. Rxh5 Rh8 21.
Rdh1 Nd4 22. f6+ Kg8 23. g6 Nxe2+ 24. Qxe2 1-0

[Event "CAN-ch U20 U1800"]
[Site "Toronto CAN"]
[Date "2018.08.12"]
[Round "9.21"]
[White "Gao, William"]
[Black "Cao, Bruce"]
[Result "1-0"]
[WhiteElo "1529"]
[BlackElo "1582"]
[PlyCount "53"]
[EventDate "2018.08.08"]
[EventType "swiss"]
[EventRounds "9"]
[EventCountry "CAN"]

1. e4 e5 2. Nf3 Nc6 3. Bc4 Bc5 4. O-O Nf6 5. d4 Bxd4 6. Nxd4 Nxd4 7. Bg5 h6 8.
Bh4 g5 9. f4 gxf4 10. Rxf4 exf4 11. Qxd4 c5 12. Qe5+ Qe7 13. Qxf4 Nh5 14. Qg4
Qe5 15. Nc3 d5 16. Bb5+ Kf8 17. Qf3 dxe4 18. Nxe4 Qf4 19. Qxh5 Qxe4 20. Qxc5+
Kg8 21. Re1 Qxh4 22. Re8+ Kh7 23. Rxh8+ Kxh8 24. Qf8+ Kh7 25. Qxf7+ Kh8 26.
Qf8+ Kh7 27. Bd3+ 1-0

[Event "CAN-ch U20 U1800"]
[Site "Toronto CAN"]
[Date "2018.08.12"]
[Round "9.22"]
[White "Li, Wing"]
[Black "Chakkoli, Anirud"]
[Result "1/2-1/2"]
[WhiteElo "1569"]
[BlackElo "1416"]
[PlyCount "56"]
[EventDate "2018.08.08"]
[EventType "swiss"]
[EventRounds "9"]
[EventCountry "CAN"]

1. d4 Nf6 2. c4 c5 3. d5 e6 4. g3 exd5 5. cxd5 d6 6. Bg2 g6 7. Nc3 Bg7 8. Nf3
O-O 9. O-O Re8 10. Re1 a6 11. a4 b6 12. Nd2 Nbd7 13. e4 Nh5 14. Qc2 Ne5 15. b3
Ng4 16. Bb2 f5 17. Nc4 f4 18. h3 fxg3 19. hxg4 gxf2+ 20. Qxf2 Bd4 21. Ne3 Bxg4
22. Ncd1 Rf8 23. Qd2 Bxd1 24. Rexd1 Nf4 25. Re1 Qg5 26. Bxd4 cxd4 27. Qxd4 Qg3
28. Qxb6 Nh3+ 1/2-1/2

[Event "CAN-ch U20 U1800"]
[Site "Toronto CAN"]
[Date "2018.08.12"]
[Round "9.23"]
[White "Liu, Henry"]
[Black "Han, Kevin"]
[Result "1/2-1/2"]
[WhiteElo "1542"]
[BlackElo "1081"]
[PlyCount "48"]
[EventDate "2018.08.08"]
[EventType "swiss"]
[EventRounds "9"]
[EventCountry "CAN"]

1. c4 e5 2. g3 f5 3. Bg2 Nf6 4. d3 Be7 5. Nf3 Nc6 6. O-O O-O 7. Nc3 d6 8. Bd2
Bd7 9. a3 a5 10. Rb1 Qe8 11. b4 b6 12. Ne1 Rb8 13. Nc2 axb4 14. axb4 Nd4 15. e3
Nxc2 16. Qxc2 Bc6 17. e4 f4 18. Nd5 Nxd5 19. cxd5 Bb5 20. Rfc1 Rb7 21. f3 g5
22. g4 Qd7 23. Qb3 Kg7 24. Kf2 Rh8 1/2-1/2

[Event "CAN-ch U20 U1800"]
[Site "Toronto CAN"]
[Date "2018.08.12"]
[Round "9.24"]
[White "Ramesh, Sanjay"]
[Black "Qin, Vincent"]
[Result "1/2-1/2"]
[WhiteElo "1578"]
[BlackElo "1644"]
[PlyCount "126"]
[EventDate "2018.08.08"]
[EventType "swiss"]
[EventRounds "9"]
[EventCountry "CAN"]

1. d4 d5 2. c4 c6 3. Nc3 Nf6 4. cxd5 cxd5 5. f3 Bf5 6. Bg5 Nbd7 7. Nxd5 Nxd5 8.
e4 h6 9. Bd2 Be6 10. exd5 Bxd5 11. Bd3 e6 12. Ne2 Bd6 13. Be3 O-O 14. Qd2 Re8
15. Nc3 Qh4+ 16. Bf2 Qf6 17. Ne4 Bxe4 18. fxe4 e5 19. dxe5 Bxe5 20. Rb1 a6 21.
O-O Qd6 22. h3 Nc5 23. Bxc5 Qxc5+ 24. Kh1 Rad8 25. Qe2 Bc7 26. Bc4 Rd7 27. Rbd1
Rxd1 28. Rxd1 Qe5 29. g4 Qxe4+ 30. Qxe4 Rxe4 31. Bd5 Re3 32. Rf1 Rxh3+ 33. Kg1
Rg3+ 34. Kh1 Be5 35. Rxf7 Kh7 36. Be4+ Kg8 37. Bd5 Kh8 38. Rf8+ Kh7 39. Be4+ g6
40. Rf7+ Bg7 41. Bxb7 Rxg4 42. Bxa6 Ra4 43. Bd3 Rxa2 44. b4 Rb2 45. b5 h5 46.
Rd7 Rb4 47. Rd6 Rh4+ 48. Kg2 Rg4+ 49. Kf3 Be5 50. Re6 Bh2 51. b6 Kg7 52. Rxg6+
Rxg6 53. Bxg6 Kxg6 54. Kg2 Bb8 55. b7 Kg5 56. Kh1 Kg4 57. Kg2 h4 58. Kh1 h3 59.
Kg1 Bg3 60. b8=Q Bxb8 61. Kh1 Bg3 62. Kg1 Kf3 63. Kh1 Kf2 1/2-1/2

[Event "CAN-ch U20 U1800"]
[Site "Toronto CAN"]
[Date "2018.08.12"]
[Round "9.25"]
[White "Xiao, Edward"]
[Black "Lei, Yanyu"]
[Result "1/2-1/2"]
[WhiteElo "1488"]
[BlackElo "1427"]
[PlyCount "41"]
[EventDate "2018.08.08"]
[EventType "swiss"]
[EventRounds "9"]
[EventCountry "CAN"]

1. d4 Nf6 2. c4 g6 3. Nc3 d5 4. cxd5 Nxd5 5. e4 Nxc3 6. bxc3 Bg7 7. Nf3 Bg4 8.
Be2 c5 9. Be3 Nc6 10. Bb5 Rc8 11. Rc1 Bxf3 12. gxf3 cxd4 13. Bxd4 Bxd4 14. Qxd4
O-O 15. Bxc6 Qxd4 16. cxd4 Rxc6 17. Rxc6 bxc6 18. Ke2 Rb8 19. Rc1 Rb2+ 20. Ke3
Rxa2 21. Rxc6 1/2-1/2

[Event "CAN-ch U20 U1800"]
[Site "Toronto CAN"]
[Date "2018.08.12"]
[Round "9.26"]
[White "Gao, Lucy"]
[Black "Locham, Divjot"]
[Result "1/2-1/2"]
[WhiteElo "1509"]
[BlackElo "1373"]
[PlyCount "36"]
[EventDate "2018.08.08"]
[EventType "swiss"]
[EventRounds "9"]
[EventCountry "CAN"]

1. e4 e5 2. Nf3 Nc6 3. d4 exd4 4. Bc4 Be7 5. Nxd4 d6 6. O-O Nf6 7. Nc3 O-O 8.
Be3 Nxd4 9. Bxd4 Be6 10. Bb3 c5 11. Bxf6 Bxf6 12. Bxe6 fxe6 13. Qd2 Be5 14.
Rad1 Qe7 15. b3 Qf6 16. Ne2 Rfd8 17. c3 d5 18. f4 Bc7 1/2-1/2

[Event "CAN-ch U20 U1800"]
[Site "Toronto CAN"]
[Date "2018.08.12"]
[Round "9.27"]
[White "Yang, Henry"]
[Black "Balachandran, Kousihan"]
[Result "1-0"]
[WhiteElo "1419"]
[BlackElo "1479"]
[PlyCount "105"]
[EventDate "2018.08.08"]
[EventType "swiss"]
[EventRounds "9"]
[EventCountry "CAN"]

1. d4 d5 2. c4 dxc4 3. Nc3 e6 4. Nf3 Nf6 5. e3 c5 6. Bxc4 Nc6 7. O-O Be7 8.
dxc5 O-O 9. b3 Bxc5 10. Bb2 b6 11. Qxd8 Rxd8 12. Rfd1 Bb7 13. Kf1 Na5 14. Be2
Ng4 15. h3 Bxf3 16. Bxf3 Nh2+ 17. Ke2 Nxf3 18. Kxf3 Nc6 19. Rxd8+ Rxd8 20. Rd1
Rxd1 21. Nxd1 Nb4 22. Nc3 Nd3 23. Ba1 Bb4 24. Ke2 Bxc3 25. Bxc3 Nc1+ 26. Kd1
Nxa2 27. Bd2 a5 28. Kc2 Nb4+ 29. Bxb4 axb4 30. Kd3 Kf8 31. Kc4 Ke7 32. Kb5 Kd6
33. Kxb6 Kd5 34. Kb5 g6 35. Kxb4 Kc6 36. Ka5 Kb7 37. Kb5 f5 38. f4 h6 39. h4
Kc7 40. Ka6 Kb8 41. b4 Kc7 42. b5 Kb8 43. Kb6 h5 44. g3 Kc8 45. Ka7 Kc7 46. b6+
Kd6 47. b7 Kd5 48. b8=Q Ke4 49. Kb6 Kf3 50. Kc5 Kxg3 51. Qe5 Kxh4 52. Qxe6 Kg4
53. Qxg6+ 1-0

[Event "CAN-ch U20 U1800"]
[Site "Toronto CAN"]
[Date "2018.08.12"]
[Round "9.28"]
[White "Wang, Andrew"]
[Black "Mugunthan, Vaamanan"]
[Result "1/2-1/2"]
[WhiteElo "1452"]
[BlackElo "1455"]
[PlyCount "36"]
[EventDate "2018.08.08"]
[EventType "swiss"]
[EventRounds "9"]
[EventCountry "CAN"]

1. e4 e5 2. Nf3 Nc6 3. Bc4 Bc5 4. O-O Nf6 5. d3 d6 6. h3 h6 7. Be3 Bb6 8. Nc3
O-O 9. d4 Qe7 10. Re1 exd4 11. Bxd4 Nxd4 12. Nxd4 Bd7 13. Qd3 Rae8 14. Rad1 g6
15. a3 Nh5 16. Nd5 Qg5 17. Nf3 Qd8 18. e5 Bc6 1/2-1/2

[Event "CAN-ch U20 U1800"]
[Site "Toronto CAN"]
[Date "2018.08.12"]
[Round "9.29"]
[White "Wu, Ingrid"]
[Black "Lee, Ethan"]
[Result "1-0"]
[WhiteElo "1374"]
[BlackElo "1121"]
[PlyCount "91"]
[EventDate "2018.08.08"]
[EventType "swiss"]
[EventRounds "9"]
[EventCountry "CAN"]

1. e4 e5 2. Nf3 Nc6 3. Bc4 Nf6 4. d3 d5 5. exd5 Nxd5 6. O-O Be6 7. c3 Qd7 8.
Nbd2 Nb6 9. Bxe6 Qxe6 10. Qc2 Rd8 11. Re1 Bd6 12. d4 O-O 13. dxe5 Nxe5 14. Nxe5
Bxe5 15. Nf3 f6 16. Bf4 Rd5 17. Bxe5 fxe5 18. Ng5 Qh6 19. Ne4 Nd7 20. Qb3 Nb6
21. c4 Rd7 22. c5+ Nd5 23. Qxb7 Nf6 24. Nxf6+ Qxf6 25. f3 Rd2 26. Rad1 Qg5 27.
Qb3+ Kh8 28. Rxd2 Qxd2 29. Rxe5 Qd4+ 30. Qe3 Qxb2 31. Re8 Qf6 32. Qe6 Qxe6 33.
Rxf8+ Qg8 34. Rxg8+ Kxg8 35. Kf2 Kf7 36. Ke3 Ke7 37. f4 Ke6 38. Ke4 g6 39. g4
h5 40. h3 hxg4 41. hxg4 Kf6 42. Kd5 Ke7 43. Kc6 Kd8 44. a4 a6 45. f5 gxf5 46.
gxf5 1-0

[Event "CAN-ch U20 U1800"]
[Site "Toronto CAN"]
[Date "2018.08.12"]
[Round "9.30"]
[White "Stroganov, Victor"]
[Black "Mukherjee, Pranoy"]
[Result "1-0"]
[WhiteElo "1445"]
[BlackElo "1425"]
[PlyCount "79"]
[EventDate "2018.08.08"]
[EventType "swiss"]
[EventRounds "9"]
[EventCountry "CAN"]

1. e4 e6 2. d4 d5 3. Nd2 dxe4 4. Nxe4 Bd7 5. Nf3 Bc6 6. Nc3 Nf6 7. Bd3 Bb4 8.
Bg5 Bxf3 9. Qxf3 Qxd4 10. O-O-O O-O 11. Bxh7+ Nxh7 12. Rxd4 Nxg5 13. Qxb7 Bc5
14. Rd2 Na6 15. Qxa6 Rab8 16. Na4 Be7 17. Qxa7 Ne4 18. Rd7 Bd6 19. Rd1 Nf6 20.
R7xd6 cxd6 21. Rxd6 Ne4 22. Rb6 Ra8 23. Qd7 Nxf2 24. Qd4 Rfd8 25. Qf4 Rdc8 26.
Nc3 Rxa2 27. Qxf2 Ra1+ 28. Kd2 Raa8 29. Rb7 Rd8+ 30. Ke1 Rf8 31. Ne4 Ra5 32.
Qg3 Rf5 33. Nd6 Rc5 34. c4 Rh5 35. b4 g6 36. c5 Rd5 37. Rxf7 Rxf7 38. Qxg6+ Rg7
39. Qxe6+ Kh7 40. Qxd5 1-0

[Event "CAN-ch U20 inv."]
[Site "Toronto CAN"]
[Date "2018.08.08"]
[Round "1.2"]
[White "Nasir, Zehn"]
[Black "Wang, Constance"]
[Result "1-0"]
[WhiteElo "2306"]
[BlackElo "2044"]
[PlyCount "71"]
[EventDate "2018.08.08"]
[EventType "tourn"]
[EventRounds "9"]
[EventCountry "CAN"]

1. e4 c5 2. Nf3 d6 3. d4 cxd4 4. Nxd4 Nf6 5. Nc3 a6 6. h3 e5 7. Nde2 h5 8. g3
Be6 9. Bg2 Nbd7 10. Be3 b5 11. a4 b4 12. Nd5 Nxd5 13. exd5 Bf5 14. O-O Rc8 15.
Rc1 Be7 16. f4 g6 17. fxe5 Nxe5 18. Nd4 Bd7 19. Nc6 Nxc6 20. dxc6 Be6 21. Qd4
Rh7 22. Qxb4 d5 23. Qb7 Qd6 24. c4 Qxg3 25. Rfe1 Rb8 26. Bf2 Qf4 27. Qa7 Rxb2
28. cxd5 Rxf2 29. Qxf2 Qxf2+ 30. Kxf2 Bh4+ 31. Kf1 Bxe1 32. Rxe1 Ke7 33. dxe6
fxe6 34. c7 Rf7+ 35. Ke2 Kd7 36. Rc1 1-0

[Event "CAN-ch U20 inv."]
[Site "Toronto CAN"]
[Date "2018.08.08"]
[Round "1.4"]
[White "Zhu, Brandon"]
[Black "Tian, Sherry"]
[Result "1-0"]
[WhiteElo "2149"]
[BlackElo "2028"]
[PlyCount "151"]
[EventDate "2018.08.08"]
[EventType "tourn"]
[EventRounds "9"]
[EventCountry "CAN"]

1. e4 e6 2. d4 d5 3. exd5 exd5 4. Nf3 Nf6 5. Bd3 Bd6 6. Qe2+ Qe7 7. Qxe7+ Bxe7
8. O-O Be6 9. Re1 h6 10. Ne5 Nbd7 11. Ng6 fxg6 12. Rxe6 Kf7 13. Re2 Bd6 14. Nc3
c6 15. Bd2 Rhe8 16. Rae1 Rxe2 17. Rxe2 Re8 18. Rxe8 Nxe8 19. Ne2 g5 20. a4 Nc7
21. Ng3 Bxg3 22. hxg3 Ne6 23. c3 Nf6 24. f3 Ne8 25. Kf2 Nd6 26. b3 Kf6 27. Bc1
Nd8 28. Ba3 N8f7 29. c4 Nf5 30. Bb2 Ne7 31. g4 Nd8 32. c5 Ne6 33. Ke3 Kf7 34.
Bc3 Nf4 35. Bf1 Ne6 36. Be1 Ng6 37. b4 Ke7 38. Bg3 Ngf4 39. Bh2 Kd7 40. g3 Ng6
41. Bd3 Ne7 42. f4 Ng8 43. Bg1 Nf6 44. Kf3 Ke7 45. Be3 Ne8 46. b5 N8c7 47. b6
axb6 48. cxb6 Ne8 49. a5 Nd6 50. f5 Nd8 51. Bd2 Nb5 52. Bb4+ Kd7 53. Bxb5 cxb5
54. Bf8 b4 55. Bxb4 Kc6 56. Bf8 Kb5 57. Bxg7 Nf7 58. Bf8 Kxa5 59. Bc5 Kb5 60.
Ke3 Kc4 61. Kd2 Nd8 62. Bf8 Kxd4 63. Bxh6 Nf7 64. Bg7+ Kc5 65. Kd3 Kxb6 66. Kd4
Kc6 67. Bf8 b6 68. Ba3 Nd6 69. Ke5 Nc4+ 70. Ke6 b5 71. Bb4 Nb6 72. f6 Nd7 73.
f7 d4 74. f8=Q Nxf8+ 75. Bxf8 d3 76. Bb4 1-0

[Event "CAN-ch U20 inv."]
[Site "Toronto CAN"]
[Date "2018.08.09"]
[Round "2.2"]
[White "Tian, Sherry"]
[Black "Hua, Eugene"]
[Result "1/2-1/2"]
[WhiteElo "2028"]
[BlackElo "2446"]
[PlyCount "164"]
[EventDate "2018.08.08"]
[EventType "tourn"]
[EventRounds "9"]
[EventCountry "CAN"]

1. d4 Nf6 2. Nf3 d5 3. c4 e6 4. Nc3 Bb4 5. Bg5 Nbd7 6. e3 c5 7. cxd5 exd5 8.
Bd3 Qa5 9. Qc2 c4 10. Bf5 O-O 11. O-O g6 12. Bxd7 Nxd7 13. Ne2 Re8 14. a3 Bf8
15. Nc3 Nb6 16. Rfe1 Bf5 17. Qd1 Bg7 18. h3 Re6 19. Bf4 Rae8 20. Nd2 Nc8 21. g4
Bd3 22. Nb3 cxb3 23. Qxd3 Nb6 24. Bc7 Rc8 25. Bxb6 Rxb6 26. Rec1 Rbc6 27. Kg2
Bf8 28. Qd1 Rxc3 29. Rxc3 Rxc3 30. bxc3 b2 31. Rb1 Qxc3 32. Qe1 Qc2 33. Qd1
Qe4+ 34. f3 Qxe3 35. Rxb2 Qxa3 36. Rxb7 Qa2+ 37. Kg1 Bd6 38. Qb3 Qh2+ 39. Kf1
Qxh3+ 40. Ke2 Qg2+ 41. Ke3 Qg1+ 42. Kd3 Qf1+ 43. Ke3 Bf8 44. Rb8 Kg7 45. Qxd5
Be7 46. Qe5+ Bf6 47. Rg8+ Kxg8 48. Qxf6 Qe1+ 49. Kf4 Qe6 50. Qd8+ Kg7 51. g5 f6
52. Qc7+ Kf8 53. Qb8+ Qe8 54. Qxa7 fxg5+ 55. Kxg5 Qe3+ 56. Kg4 h5+ 57. Kg3 Qg5+
58. Kh3 Qf4 59. Qc5+ Kf7 60. Qd5+ Kf6 61. Qe4 Qd6 62. Qh4+ Kf7 63. Qe4 Qe6+ 64.
Kg3 Kf6 65. Qf4+ Kg7 66. Qe5+ Kf7 67. Qc7+ Kf6 68. Qf4+ Qf5 69. Qd6+ Qe6 70.
Qf8+ Qf7 71. Qd6+ Kg7 72. Qe5+ Qf6 73. Qc7+ Kh6 74. Qe5 Qg5+ 75. Kh3 Qxe5 76.
dxe5 Kg5 77. f4+ Kf5 78. Kh4 Ke6 79. Kg5 Kf7 80. f5 gxf5 81. Kxf5 h4 82. Kg4
Ke6 1/2-1/2

[Event "CAN-ch U20 inv."]
[Site "Toronto CAN"]
[Date "2018.08.09"]
[Round "2.3"]
[White "Liang, Hairan"]
[Black "Zhu, Brandon"]
[Result "1-0"]
[WhiteElo "2286"]
[BlackElo "2149"]
[PlyCount "49"]
[EventDate "2018.08.08"]
[EventType "tourn"]
[EventRounds "9"]
[EventCountry "CAN"]

1. e4 c6 2. Nf3 d5 3. Nc3 Bg4 4. h3 Bxf3 5. Qxf3 e6 6. Be2 Nf6 7. O-O Be7 8.
Rd1 O-O 9. d4 Kh8 10. a3 a5 11. Rb1 a4 12. Be3 b5 13. Bd3 Qa5 14. e5 Ng8 15.
Ne2 g6 16. h4 Bxh4 17. g3 Be7 18. Kg2 Qd8 19. Rh1 Bg5 20. Nf4 Kg7 21. Nxe6+
fxe6 22. Rxh7+ Kxh7 23. Qh5+ Bh6 24. Qxg6+ Kh8 25. Qh7# 1-0

[Event "CAN-ch U20 inv."]
[Site "Toronto CAN"]
[Date "2018.08.09"]
[Round "3.1"]
[White "Nasir, Zehn"]
[Black "Qiao, Cindy"]
[Result "1-0"]
[WhiteElo "2306"]
[BlackElo "2016"]
[PlyCount "67"]
[EventDate "2018.08.08"]
[EventType "tourn"]
[EventRounds "9"]
[EventCountry "CAN"]

1. e4 c5 2. Nf3 d6 3. d4 cxd4 4. Nxd4 Nf6 5. Nc3 g6 6. Be3 Bg7 7. f3 Nc6 8. Qd2
O-O 9. O-O-O d5 10. Qe1 e5 11. Nxc6 bxc6 12. exd5 Nxd5 13. Bc4 Be6 14. Ne4 Qc7
15. Bc5 Rfd8 16. Qh4 h6 17. g4 Nf4 18. Bxe6 Nxe6 19. Ba3 a5 20. Qf2 Nf4 21. h4
a4 22. h5 Kh7 23. hxg6+ fxg6 24. Bd6 Qb7 25. Qf1 Nd5 26. Qd3 Kh8 27. Ba3 Qc7
28. Ng5 Nf4 29. Qxd8+ Rxd8 30. Rxd8+ Bf8 31. Rxf8+ Kg7 32. Rf7+ Qxf7 33. Nxf7
Kxf7 34. Rxh6 1-0

[Event "CAN-ch U20 inv."]
[Site "Toronto CAN"]
[Date "2018.08.09"]
[Round "3.3"]
[White "Zhu, Brandon"]
[Black "Wang, Constance"]
[Result "1-0"]
[WhiteElo "2149"]
[BlackElo "2044"]
[PlyCount "77"]
[EventDate "2018.08.08"]
[EventType "tourn"]
[EventRounds "9"]
[EventCountry "CAN"]

1. e4 c5 2. Nf3 d6 3. d4 cxd4 4. Nxd4 Nf6 5. Nc3 a6 6. a3 e5 7. Nf5 Bxf5 8.
exf5 d5 9. Bg5 d4 10. Bxf6 Qxf6 11. Nd5 Qc6 12. c4 Nd7 13. g3 Nf6 14. Bg2 Nxd5
15. Bxd5 Qc7 16. O-O Be7 17. Qa4+ Kf8 18. b4 h5 19. h4 Rh6 20. c5 Rf6 21. Be4
Rd8 22. Rfd1 Qd7 23. Qc2 Kg8 24. Qd3 Rb8 25. Rac1 Qc7 26. Re1 Rh6 27. Qc4 b5
28. Qd3 a5 29. Ra1 Ra6 30. Qe2 g6 31. fxg6 fxg6 32. Bd3 Kg7 33. Rab1 axb4 34.
axb4 Ra3 35. Qe4 Ra6 36. f4 Qb7 37. Qe2 Re6 38. f5 Rf6 39. Qxe5 1-0

[Event "CAN-ch U20 inv."]
[Site "Toronto CAN"]
[Date "2018.08.09"]
[Round "3.4"]
[White "Hua, Eugene"]
[Black "Liang, Hairan"]
[Result "0-1"]
[WhiteElo "2446"]
[BlackElo "2286"]
[PlyCount "99"]
[EventDate "2018.08.08"]
[EventType "tourn"]
[EventRounds "9"]
[EventCountry "CAN"]

1. e4 c5 2. Nf3 Nc6 3. Bb5 e6 4. Bxc6 bxc6 5. d3 Ne7 6. Qe2 Qc7 7. O-O Ng6 8.
Ng5 h6 9. Nh3 e5 10. f4 exf4 11. Nxf4 Ne5 12. c3 Ba6 13. c4 g6 14. Be3 d6 15.
Nc3 Bg7 16. Rf2 O-O 17. Raf1 Rae8 18. h3 Kh7 19. Qc2 Bc8 20. Nce2 Qe7 21. a3 f5
22. exf5 Bxf5 23. Ng3 Nxc4 24. Nxf5 gxf5 25. dxc4 Qxe3 26. Kh1 Be5 27. Nh5 Kh8
28. Rxf5 Rxf5 29. Qxf5 Qg5 30. Qf3 Bxb2 31. Nf4 Be5 32. Qxc6 Rg8 33. Nd3 Bg3
34. Qe4 Rb8 35. a4 a5 36. Qe6 h5 37. Ne1 h4 38. Nf3 Qf4 39. Rd1 Rf8 40. Qg6 Qf6
41. Qe4 Qf5 42. Qxf5 Rxf5 43. Kg1 Rf4 44. Rc1 Re4 45. Kf1 Re3 46. Ra1 Kg7 47.
Ra2 Kf6 48. Re2 Ra3 49. Re4 Rxa4 50. Nxh4 0-1